00396nam a2200157Ia 4500008004100000020001800041041000800059082001700067100001600084245006800100250001200168260001900180300000900199365001400208700001600222230720s9999 xx 000 0 und d a9789385401374 aeng a620.106bRAJ aRajput R.K. aTextbook Of Fluid Mechanics and Hydraulic MachinesbIn SI Units a6th ed. c1998bS. Chand a1547 cRs.b1199 aRajput R.K.